Регионална библиотека "Любен Каравелов" - Русе

Polakow portret wlasny (Запис номер 210904)

MARC детайли
000 -Лидер
Контролно поле с фиксирана дължина 00930nkm a2200313 c 4500
003 - Код на организацията, давaща контролен номер
Контролно поле BLK
005 - Дата и час на последна редакция
Контролно поле 20200429114628.0
008 - Елементи от данни с фиксирана дължина
fixed length control field 180412b bul rap|r|||| r0| ||bulo|
010 ## - Наследен системен номер
LC control number KNG00173597000
040 ## - Източник на каталожния запис
Идентификатор на билиотеката - собственик на записа BLK
041 ## - Код за език
Код за езика на текст/звукозапис или на отделно заглавие Полски
Код за езика КДБФ Други славянски езици
080 ## - УДК
Текстов определител УДК Живопис - Портрети
УДК код - определител по УДК 75.041.5
УДК определител (438)
УДК - код + определител 75.041.5(438)
139 ## - Редно поле
Редна дума Polakow portret wlasny
Авторски знак Пол - П 69
Filing suffix Р 80
Feature heading П 69
245 10 - Сведения за заглавието
Заглавие Polakow portret wlasny
Редно поле (дума) ред. Marka Rostworowskiego.
257 ## - Страна на издаване
Страна на създаване/издаване Полша
260 ## - Област на издателските данни
Име на издателя, разпространителя и проч. Arkady
Година на издаване 1983
300 ## - Физическа характеристика
Страници 300 p.
Илюстрации и др. ill.
Размери/Мащаб 32 cm
380 ## - Жанр
Жанр Изкуство
650 #4 - Допълнително описание по предмет – тема
Основно описание – тема или топоним Портретна живопис
9 (RLIN) 305805
651 #4 - Допълнително описание по предмет - топоним
Географско понятие Полша
9 (RLIN) 179388
653 ## - Ключова дума – ненормативна
Ключова дума портрети
653 ## - Ключова дума – ненормативна
Ключова дума Полша
700 1# - Други автори (авторска отговорност)
Лично име Rostworowskiego, Marka
Автороска отговорност (Описва отношението между автора и произведението) ред.
9 (RLIN) 22801
852 ## - Местоположение
Форматна сигнатура Цб Гр А ІІ 3147
856 4# - Електронен адрес и достъп
Електронен формат pdf - файл
Път до файла /url/
856 4# - Електронен адрес и достъп
Електронен формат pdf - файл
Път до файла /url/
999 ## - СИСТЕМНИ КОНТРОЛНИ НОМЕРА
Koha biblionumber 210904
Koha biblioitemnumber 210904
942 ## - АРТИКУЛИ
Вид на библиотечния материал Графични издания
Скрит в OPAC Не
Периодичен библиозапис Да
944 ## - СЪЗДАВАНЕ И РЕДАКЦИЯ на ЗАПИСА
Създаване/Редакция Създаване
Дата на регистрацията/редакция 30.03.2015
Служител, извършил регистрацията/редакцията Камелия_Данева
944 ## - СЪЗДАВАНЕ И РЕДАКЦИЯ на ЗАПИСА
Създаване/Редакция Редакция
Дата на регистрацията/редакция 30.03.2015
Служител, извършил регистрацията/редакцията Камелия_Данева
999 ## - СИСТЕМНИ КОНТРОЛНИ НОМЕРА
Koha biblioitemnumber 210904
Наличности
Код за отписване Код за изгубен артикул Източник на класификационната схема Код за повреда Коз за рестрикции Код за отдаване Артикулен № Име на библиотеката - собственик Име на библиотеката, в която се намира в момента Статус (Текущо местоположение) Дата на вписване в системата Местоположение - отдел Цена в лева Инвентарен номер Систематично азбучна сигнатура Баркод Номер на екземпляра Цена в евро Служебна бележка Служебен тип на артикула
  Не е изгубен Universal Decimal Classification Не е повреден без рестрикции заемане за дома 362663 Регионална библиотека "Любен Каравелов" Русе Регионална библиотека "Любен Каравелов" Русе Отдел Изкуство - подръчен фонд 1983-01-01 Отдел Изкуство - подръчен фонд 65.34 424091 75/П 69 120000424091 1 33.41 Дост: Pk Вид: Ф N: стар фонд Дата: 01.01.1983 Графични издания
Vip Innovations Ltd, Rousse, Bulgaria 2025